Sports Quiz

Random Sports or NFL Quiz

Winning and Losing Super Bowl Quarterbacks Quiz Stats

Quiz Updated Feb 5, 2017

Challenge
Share
Tweet
Embed
Score 0/51 Timer 10:00
1 Play Today
Super Bowl Winning and Losing QBs % Correct
XLII (2007 season)Eli Manning & Tom Brady
91.8%
XLVI (2011 season)Eli Manning & Tom Brady
91.8%
LI (2016 season)Tom Brady & Matt Ryan
87%
XLVIII (2013 season)Russell Wilson & Peyton Manning
85.3%
50 (2015 season)Peyton Manning & Cam Newton
84.5%
XLIV (2009 season)Drew Brees & Peyton Manning
76.3%
XLIII (2008 season)Ben Roethlisberger & Kurt Warner
74.7%
XLVII (2012 season)Joe Flacco & Colin Kaepernick
73.8%
XLV (2010 season)Aaron Rodgers & Ben Roethlisberger
70.7%
XXXVI (2001 season)Tom Brady & Kurt Warner
70.4%
XXXIX (2004 season)Tom Brady & Donovan McNabb
67.7%
XLI (2006 season)Peyton Manning & Rex Grossman
67.2%
XXVII (1992 season)Troy Aikman & Jim Kelly
65.4%
XXVIII (1993 season)Troy Aikman & Jim Kelly
65.4%
XXXII (1997 season)John Elway & Brett Favre
64.8%
XXXVIII (2003 season)Tom Brady & Jake Delhomme
64.5%
XXXIV (1999 season)Kurt Warner & Steve McNair
64.1%
XL (2005 season)Ben Roethlisberger & Matt Hasselbeck
62.3%
XXXVII (2002 season)Brad Johnson & Rich Gannon
60%
XLIX (2014 season)Tom Brady & Russell Wilson
59.6%
XXXI (1996 season)Brett Favre & Drew Bledsoe
55.2%
XXXV (2000 season)Trent Dilfer & Kerry Collins
53.8%
I (1966 season)Bart Starr & Len Dawson
50.8%
X (1975 season)Terry Bradshaw & Roger Staubach
49.7%
XIII (1978 season)Terry Bradshaw & Roger Staubach
49.7%
XXIII (1988 season)Joe Montana & Boomer Esiason
49.2%
Super Bowl Winning and Losing QBs % Correct
XXIV (1989 season)Joe Montana & John Elway
46.2%
XXV (1990 season)Jeff Hostetler & Jim Kelly
44.7%
XXVI (1991 season)Mark Rypien & Jim Kelly
44.8%
XXXIII (1998 season)John Elway & Chris Chandler
43.8%
XIX (1984 season)Joe Montana & Dan Marino
43.5%
XXX (1995 season)Troy Aikman & Neil O'Donnell
41.5%
XXIX (1994 season)Steve Young & Stan Humphries
37.8%
XXI (1986 season)Phil Simms & John Elway
37.8%
XXII (1987 season)Doug Williams & John Elway
37.5%
IX (1974 season)Terry Bradshaw & Fran Tarkenton
36.5%
XX (1985 season)Jim McMahon & Tony Eason
36%
XVI (1981 season)Joe Montana & Ken Anderson
35.4%
III (1968 season)Joe Namath & Earl Morrall
30.5%
XV (1980 season)Jim Plunkett & Ron Jaworski
28.7%
XI (1976 season)Ken Stabler & Fran Tarkenton
27.6%
VIII (1973 season)Bob Griese & Fran Tarkenton
27.6%
XVIII (1983 season)Jim Plunkett & Joe Theismann
27.5%
VI (1971 season)Roger Staubach & Bob Griese
27.2%
II (1967 season)Bart Starr & Daryle Lamonica
26.1%
XII (1977 season)Roger Staubach & Craig Morton
22.5%
XIV (1979 season)Terry Bradshaw & Vince Ferragamo
21.2%
IV (1969 season)Len Dawson & Joe Kapp
18.6%
VII (1972 season)Bob Griese & Billy Kilmer
18.2%
XVII (1982 season)Joe Theismann & David Woodley
16.6%
V (1970 season)Johnny Unitas & Craig Morton
16.4%

You're not logged in!

Compare scores with friends on all Sporcle quizzes.
Sign Up with Email
OR
Log In

You Might Also Like...

Show Comments

Extras

Top Quizzes Today


Score Distribution

Your Account Isn't Verified!

In order to create a playlist on Sporcle, you need to verify the email address you used during registration. Go to your Sporcle Settings to finish the process.